| 000 | 01016nam a2200277Ia 4500 | ||
|---|---|---|---|
| 003 | OSt | ||
| 005 | 20220923211544.0 | ||
| 006 | a|||||r|||| 00| 0 | ||
| 007 | ta | ||
| 008 | 220922b |||||||| |||| 00| 0 hin d | ||
| 020 |
_a9789383515042 (hbk) _c850 |
||
| 024 | _a354,711 | ||
| 037 |
_b165, 29/12/2021, Mallika Books _cTextual |
||
| 040 |
_aARTS _cARTS _bhin |
||
| 041 |
_2hin _ahin |
||
| 082 | _aO44(Y15-5927)x, 152Q8 | ||
| 100 | _aतिलक, रजनी, संपा. | ||
| 245 | 0 | _aसमकालीन भारतीय दलित महिला लेखन | |
| 246 | _aSamakālīn bhāratīya dalit hinilā lekhana | ||
| 260 |
_aनई दिल्ली _b स्वराज प्रकाशन _c2018 |
||
| 300 |
_a287पृ. _ccm. |
||
| 490 | _vखण्ड 3 | ||
| 650 | _aभारतीय समाज | ||
| 942 |
_hO44(Y15-5927)x, 152Q8 _cTEXL _2CC |
||
| 999 |
_c300722 _d300722 |
||